000 00388nam a22001457a 4500
008 230412b |||||||| |||| 00| 0 eng d
020 _a978-1-5344-6763-7
082 _a813.54
100 _aLynn Painter
245 _aBetter than the movies
260 _bSimon & Schuster Books for Young Readers,
_c2022
300 _a356 p.
_c21 cm
942 _2ddc
999 _c9560
_d9561